Estadísticas para Actores con más nominaciones a los premios Oscar

Haz click aquí para intentar la prueba.

Estadísticas generales

  • Esta prueba ha sido intentada 139 veces
    (124 desde el último reinicio)
  • La puntuación promedio es 10 de 18

Estadísticas de respuestas

Nº NominacionesPrimera NominaciónÚltima NominaciónActor% Correcto
6¿A quién ama Gilbert Grape?Érase una vez en HollywoodLeonardo DiCaprio
92%
10El PadrinoEl IrlandésAl Pacino
91%
6El Silencio de los CorderosLos Dos PapasAnthony Hopkins
83%
7El Padrino Parte IIEl Lado Bueno de las CosasRobert De Niro
83%
6BigUn Amigo ExtraordinarioTom Hanks
78%
8Un Tranvía llamado DeseoUna Árida Estación BlancaMarlon Brando
69%
6El Reportero de la calle 42InvictusMorgan Freeman
65%
7El GraduadoLa Cortina de HumoDustin Hoffman
61%
12Easy RiderA Propósito de SchmidtJack Nicholson
60%
6Mi Pie IzquierdoEl Hilo InvisibleDaniel Day Lewis
58%
10La Gata sobre el Tejado de ZincCamino a la PerdiciónPaul Newman
52%
8Con Faldas y a lo LocoDesaparecidoJack Lemmon
41%
8Lawrence de ArabiaVenusPeter O´Toole
40%
8Grita LibertadFencesDenzel Washington
39%
10San FranciscoAdivina Quién viene a Cenar esta NocheSpencer Tracy
33%
10Cumbres BorrascosasLos Niños del BrasilLaurence Olivier
31%
7La Última PelículaComancheríaJeff Bridges
19%
7Mi Prima RaquelEquusRichard Burton
11%

Distribución de puntuación

Porcentaje por número respondido

Porcentaje de gente con cada puntuación

Historial de tus puntuaciones

No has intentado esta prueba desde el último reinicio